Auditing and assurance services : (Record no. 26848)
[ view plain ]
| 000 -LEADER | |
|---|---|
| fixed length control field | 00936cam a22003015a 4500 |
| 001 - CONTROL NUMBER | |
| control field | 017850296 |
| 005 - DATE AND TIME OF LATEST TRANSACTION | |
| control field | 20180920150846.0 |
| 008 - FIXED-LENGTH DATA ELEMENTS--GENERAL INFORMATION | |
| fixed length control field | 160505t2017 maua frb 001 0 eng d |
| 015 ## - NATIONAL BIBLIOGRAPHY NUMBER | |
| National bibliography number | GBB666940 |
| Source | bnb |
| 016 7# - NATIONAL BIBLIOGRAPHIC AGENCY CONTROL NUMBER | |
| Record control number | 017850296 |
| Source | Uk |
| 020 ## - INTERNATIONAL STANDARD BOOK NUMBER | |
| International Standard Book Number | 9781292147871 (pbk.) |
| 020 ## - INTERNATIONAL STANDARD BOOK NUMBER | |
| International Standard Book Number | 9780134065823 |
| 020 ## - INTERNATIONAL STANDARD BOOK NUMBER | |
| International Standard Book Number | 1292147873 |
| 040 ## - CATALOGING SOURCE | |
| Original cataloging agency | StDuBDS |
| Language of cataloging | eng |
| Transcribing agency | StDuBDS |
| Modifying agency | Uk |
| -- | EG-ScBUE |
| 082 04 - DEWEY DECIMAL CLASSIFICATION NUMBER | |
| Classification number | 657.45 |
| Item number | AUD |
| Edition number | 22 |
| 245 00 - TITLE STATEMENT | |
| Title | Auditing and assurance services : |
| Remainder of title | an integrated approach / |
| Statement of responsibility, etc | Alvin A. Arens... [et al.]. |
| 250 ## - EDITION STATEMENT | |
| Edition statement | 16ed., Global ed. |
| 260 ## - PUBLICATION, DISTRIBUTION, ETC. (IMPRINT) | |
| Place of publication, distribution, etc | Boston : |
| Name of publisher, distributor, etc | Pearson Education Limited, |
| Date of publication, distribution, etc | c.2017. |
| 300 ## - PHYSICAL DESCRIPTION | |
| Extent | 896 p. : |
| Other physical details | ill. (col.) ; |
| Dimensions | 28 cm. |
| 504 ## - BIBLIOGRAPHY, ETC. NOTE | |
| Bibliography, etc | Includes bibliographical references and index. |
| 650 #7 - SUBJECT ADDED ENTRY--TOPICAL TERM | |
| Topical term or geographic name as entry element | Auditing. |
| Source of heading or term | BUEsh |
| 650 #7 - SUBJECT ADDED ENTRY--TOPICAL TERM | |
| Topical term or geographic name as entry element | Negative assurance (Accounting) |
| Source of heading or term | BUEsh |
| 651 ## - SUBJECT ADDED ENTRY--GEOGRAPHIC NAME | |
| Source of heading or term | BUEsh |
| 653 ## - INDEX TERM--UNCONTROLLED | |
| Resource For college | BAEPS, Business Administration |
| Arrived date list | September2018 |
| 655 ## - INDEX TERM--GENRE/FORM | |
| Form subdivision | Text book |
| 700 1# - ADDED ENTRY--PERSONAL NAME | |
| Personal name | Arens, Alvin A. |
| 942 ## - ADDED ENTRY ELEMENTS (KOHA) | |
| Source of classification or shelving scheme | Dewey Decimal Classification |
| Withdrawn status | Item status | Source of classification or shelving scheme | Damaged status | Not for loan | Vendor | Home library | Current library | Shelving location | Date acquired | Source of acquisition | Cost, normal purchase price | Total Checkouts | Full call number | Barcode | Date last seen | Koha item type | Total Renewals | Date last borrowed |
|---|---|---|---|---|---|---|---|---|---|---|---|---|---|---|---|---|---|---|
| Dewey Decimal Classification | Baccah | Central Library | Central Library | First floor | 20/09/2018 | Purchase | 550.00 | 657.45 AUD | 000043581 | 15/07/2025 | NB - Book (Non borrowing) | |||||||
| Dewey Decimal Classification | Baccah | Central Library | Central Library | First floor | 20/09/2018 | Purchase | 657.45 AUD | 000043582 | 15/07/2025 | NB - Book (Non borrowing) | ||||||||
| Dewey Decimal Classification | Baccah | Central Library | Central Library | First floor | 20/09/2018 | Purchase | 550.00 | 2 | 657.45 AUD | 000043583 | 15/07/2025 | Book - Borrowing | 37 | 23/10/2018 | ||||
| Dewey Decimal Classification | Baccah | Central Library | Central Library | First floor | 20/09/2018 | Purchase | 550.00 | 2 | 657.45 AUD | 000043584 | 09/11/2023 | Book - Borrowing | 18 | 27/09/2022 | ||||
| Dewey Decimal Classification | Baccah | Central Library | Central Library | First floor | 20/09/2018 | Purchase | 2 | 657.45 AUD | 000043585 | 04/04/2026 | Book - Borrowing | 19 | 08/11/2022 |